00629nam a2200157 i 4500001000700000003000900007007000300016008004100019100003400060245013400094260004800228300003600276852002100312999001900333952011900352142093ES-MaACLt|071002s1920 xxk ||||1| eng d1 aWilliamson, Benjamin.911696713aAn elementary treatise on the integral calculus, containing applications to plane curves and surfaces / cby Benjamin Williamson. aLondon : bLongmans, Green and Co., c1920. aXVII, 520 p. : bil. ; c19 cm. aES-MaACLjB-3064 c142093d142093 00104070aATENEOMbATENEOMcSPBd2008-01-17eSCl0oB-3064p1147847r2023-02-23 00:00:00w2023-02-23yMONOGRAFIA